Sports Quiz

Random Sports or NHL Quiz
Score 0/68 Timer 07:00
5 Plays Today
Event Team % Correct
World Series ChampionsNew York Yankees
96.9%
World Series ChampionsNew York Yankees
96.9%
NBA ChampionsBoston Celtics
95.5%
NBA ChampionsBoston Celtics
95.5%
NBA ChampionsBoston Celtics
95.5%
NBA ChampionsBoston Celtics
95.5%
NBA ChampionsBoston Celtics
95.5%
NBA ChampionsBoston Celtics
95.5%
NBA ChampionsBoston Celtics
95.5%
NBA ChampionsBoston Celtics
95.5%
NBA ChampionsBoston Celtics
95.5%
Super Bowl* ChampionsGreen Bay Packers
94.2%
Super Bowl* ChampionsGreen Bay Packers
93.8%
Super Bowl* ChampionsGreen Bay Packers
93.6%
Super Bowl* ChampionsGreen Bay Packers
93.5%
Super Bowl* ChampionsGreen Bay Packers
93.5%
NCAA DI Basketball ChampionsUCLA Bruins
89.1%
NCAA DI Basketball ChampionsUCLA Bruins
89.1%
NCAA DI Basketball ChampionsUCLA Bruins
89.1%
NCAA DI Basketball ChampionsUCLA Bruins
89.1%
NCAA DI Basketball ChampionsUCLA Bruins
89.1%
Most Olympic MedalsUnited States
88.9%
Stanley Cup ChampionsMontreal Canadiens
86.1%
Stanley Cup ChampionsMontreal Canadiens
86.1%
Stanley Cup ChampionsMontreal Canadiens
86.1%
Stanley Cup ChampionsMontreal Canadiens
86.1%
Stanley Cup ChampionsMontreal Canadiens
86.1%
Super Bowl* ChampionsNew York Jets
85.5%
World Series ChampionsLos Angeles Dodgers
84.8%
World Series ChampionsLos Angeles Dodgers
84.8%
FIFA World Cup ChampionsBrazil
82%
World Series ChampionsSt. Louis Cardinals
81.2%
World Series ChampionsSt. Louis Cardinals
81.2%
Most Olympic MedalsSoviet Union
80.6%
Event Team % Correct
Most Olympic MedalsSoviet Union
80.6%
Most Olympic MedalsSoviet Union
80.6%
Most Olympic MedalsSoviet Union
80.6%
Stanley Cup ChampionsToronto Maple Leafs
80.3%
Stanley Cup ChampionsToronto Maple Leafs
80.3%
Stanley Cup ChampionsToronto Maple Leafs
80.3%
Stanley Cup ChampionsToronto Maple Leafs
80.3%
World Series ChampionsNew York Mets
80.3%
Super Bowl* ChampionsKansas City Chiefs
78.7%
NCAA DI Football ChampionsAlabama Crimson Tide
76.5%
NCAA DI Football ChampionsAlabama Crimson Tide
76.5%
NCAA DI Football ChampionsAlabama Crimson Tide
76.2%
FIFA World Cup ChampionsEngland
75%
Super Bowl* ChampionsChicago Bears
73.9%
World Series ChampionsPittsburgh Pirates
72.6%
Super Bowl* ChampionsCleveland Browns
71.8%
Stanley Cup ChampionsChicago Black Hawks
71.2%
NCAA DI Football ChampionsNotre Dame Fighting Irish
70.2%
NCAA DI Basketball ChampionsOhio State Buckeyes
70.2%
NCAA DI Football ChampionsOhio State Buckeyes
70.2%
World Series ChampionsDetroit Tigers
69.4%
World Series ChampionsBaltimore Orioles
68.2%
NCAA DI Football ChampionsUSC Trojans
68%
NCAA DI Football ChampionsUSC Trojans
68%
NCAA DI Football ChampionsTexas Longhorns
67.6%
NCAA DI Football ChampionsTexas Longhorns
67.1%
NBA ChampionsPhiladelphia 76ers
65.8%
Super Bowl* ChampionsPhiladelphia Eagles
65.6%
Most Olympic MedalsNorway
60.8%
NCAA DI Basketball ChampionsTexas Western Miners
39.2%
NCAA DI Basketball ChampionsCincinnati Bearcats
36.1%
NCAA DI Basketball ChampionsCincinnati Bearcats
36.1%
NCAA DI Football ChampionsMinnesota Golden Gophers
34.2%
NCAA DI Basketball ChampionsLoyola Ramblers
22.6%
Remove Ads.
Support Sporcle.
Get the best of Sporcle when you Go Orange. This ad-free experience offers more features, more stats, and more fun while also helping to support Sporcle. Thank you for becoming a member.

You're not logged in!

Compare scores with friends on all Sporcle quizzes.
OR
Log In

Show Comments

Extras

Top Quizzes Today


Score Distribution

Your Account Isn't Verified!

In order to create a playlist on Sporcle, you need to verify the email address you used during registration. Go to your Sporcle Settings to finish the process.

Report this User

Report this user for behavior that violates our Community Guidelines.

Details: